| 000 | 01114nam a22002177a 4500 | ||
|---|---|---|---|
| 005 | 20251211162841.0 | ||
| 010 | _aB-773827-843 HIIN-130671 25BACHN25 | ||
| 020 |
_a9789388556842 _c350.00 |
||
| 035 | _aB-773827-843 | ||
| 035 | _aHN-103017 | ||
| 037 | _bप्रेमचन्द शर्मा | ||
| 037 | _bDBAD | ||
| 082 | _aउ | ||
| 100 |
_aशर्मा, प्रेमचन्द _986071 |
||
| 245 |
_aबसंत बस अंत/ _cप्रेमचन्द शर्मा |
||
| 260 |
_aप्रयागराज _bअंजुमन प्रकाशन _c2023 |
||
| 270 |
_a942 म्मुथी गंज _bप्रयागराज _e211003 |
||
| 300 |
_a298पृ. _c21सेमी(अजिल्द) |
||
| 942 |
_2ddc _cHN _mशर्माप्रे _hउ |
||
| 999 |
_c209837 _d209837 |
||